Leitfaden für den Schweisskonstrukteur : Grundlagen der schweisstechnischen Gestaltung /

Gespeichert in:
Bibliographische Detailangaben
1. Verfasser: Scheermann, Hans (Verfasst von)
Format: Buch
Sprache:Deutsch
Veröffentlicht: Düsseldorf : DVS, 1986
Schlagworte:
Tags: Tag hinzufügen
Keine Tags, Fügen Sie das erste Tag hinzu!

MARC

LEADER 00000nam a22000003a 4500
001 stu44585
005 20150617225718.5
008 950505s1986----gw------------------ger-d
020 |a 3-87155-523-1 
040 |a STU  |b slo 
041 0 |a ger 
044 |a gw 
080 |a 621.791(075) 
100 1 |a Scheermann, Hans  |4 aut 
245 1 |a Leitfaden für den Schweisskonstrukteur :  |b Grundlagen der schweisstechnischen Gestaltung /  |c [aut.]Hans Scheermann 
260 |a Düsseldorf :  |b DVS,  |c 1986 
300 |a 166 s 
650 7 |a zváranie  |2 stusub 
996 |b 284M025735  |c M*9131-1  |l MMKN  |s A  |a 24  |w stu44585_0001